000 00684nas a2200241 4500
001 BR9200250
003 BR-BrBNA
005 20231205092231.0
007 ta
008 230509b bl.|||p| |||| 00| 00por d
040 _aBR-BrBNA
_bpor
_cBiblioteca Nacional de Agricultura
041 _a(Pt)
072 _aK50
100 1 _aCoelho, S.
245 1 _aResina; dolares, gota a gota [Pinus elliottii]
650 _aRESINA
650 _aOLEO VEGETAL
650 _aPRODUCAO VEGETAL
650 _aEXPLORACAO FLORESTAL
773 0 _tGlobo Rural (Brazil)
_xISSN 0102-6178
_g(May 1989), v. 4(43) p. 76-79
_wBR9200250
909 _a202311
_bLúcia
_c55
_dLúcia Elande
942 _2AGRIS
_n0
_cANA
999 _c130278
_d130278